| 000 | 00446nam a2200169 a 4500 | ||
|---|---|---|---|
| 005 | 20140414132135.0 | ||
| 008 | 140221s19uu xx 00 eng d | ||
| 020 | _a9781426525 | ||
| 050 |
_aREF 599.53 _bSt3 2010 |
||
| 100 | _aStewart, Melissa | ||
| 245 | _aDolphins. | ||
| 260 |
_aWashington, D.C : _bNational Geographic for Kids, _cc2010. |
||
| 300 | _a30 | ||
| 440 | _aNational Geographic for Kids | ||
| 650 | _aDolphins | ||
| 999 |
_c115302 _d115302 |
||